<?xml version="1.0" encoding="UTF-8"?>
<record
    xmlns:xsi="http://www.w3.org/2001/XMLSchema-instance"
    xsi:schemaLocation="http://www.loc.gov/MARC21/slim http://www.loc.gov/standards/marcxml/schema/MARC21slim.xsd"
    xmlns="http://www.loc.gov/MARC21/slim">

  <leader>00734nam a2200205 a 4500</leader>
  <controlfield tag="001">BRCA_8715</controlfield>
  <controlfield tag="005">20190320210358.0</controlfield>
  <controlfield tag="008">170317s2016----mx-a######---#000-0#spa-#</controlfield>
  <datafield tag="041" ind1=" " ind2=" ">
    <subfield code="a">spa</subfield>
  </datafield>
  <datafield tag="044" ind1=" " ind2=" ">
    <subfield code="a">mx</subfield>
  </datafield>
  <datafield tag="050" ind1=" " ind2="4">
    <subfield code="a">N910.C63</subfield>
    <subfield code="b">.M97 2016</subfield>
  </datafield>
  <datafield tag="245" ind1="1" ind2="0">
    <subfield code="a">Museo Arocena</subfield>
    <subfield code="b">diez a&#xF1;os de compartir arte y cultura</subfield>
    <subfield code="c">fotograf&#xED;a Gerardo Suter y Jes&#xFA;s Alberto Flores Valenciano.</subfield>
  </datafield>
  <datafield tag="260" ind1=" " ind2=" ">
    <subfield code="a">M&#xE9;xico</subfield>
    <subfield code="b">Fundaci&#xF3;n E. Arocena</subfield>
    <subfield code="c">2016</subfield>
  </datafield>
  <datafield tag="300" ind1=" " ind2=" ">
    <subfield code="a">263 p.</subfield>
    <subfield code="b">il. (algunas a color)</subfield>
    <subfield code="c">29 cm.</subfield>
  </datafield>
  <datafield tag="610" ind1="2" ind2="4">
    <subfield code="a">Museo Arocena (Torre&#xF3;n, Coahuila)</subfield>
    <subfield code="x">Colecciones de arte</subfield>
    <subfield code="9">2690</subfield>
  </datafield>
  <datafield tag="650" ind1="1" ind2="4">
    <subfield code="a">Artes decorativas</subfield>
    <subfield code="x">Museos</subfield>
    <subfield code="z">M&#xE9;xico</subfield>
    <subfield code="9">2691</subfield>
  </datafield>
  <datafield tag="700" ind1="1" ind2=" ">
    <subfield code="a">Suter, Gerardo</subfield>
    <subfield code="e">il.</subfield>
    <subfield code="9">2694</subfield>
  </datafield>
  <datafield tag="700" ind1="1" ind2=" ">
    <subfield code="a">Flores Valenciano, Jes&#xFA;s Alberto</subfield>
    <subfield code="e">il.</subfield>
    <subfield code="9">21712</subfield>
  </datafield>
  <datafield tag="942" ind1=" " ind2=" ">
    <subfield code="2">lcc</subfield>
    <subfield code="c">B</subfield>
  </datafield>
  <datafield tag="999" ind1=" " ind2=" ">
    <subfield code="c">8367</subfield>
    <subfield code="d">8367</subfield>
  </datafield>
  <datafield tag="952" ind1=" " ind2=" ">
    <subfield code="0">0</subfield>
    <subfield code="1">0</subfield>
    <subfield code="4">0</subfield>
    <subfield code="7">0</subfield>
    <subfield code="a">BRCA</subfield>
    <subfield code="b">BRCA</subfield>
    <subfield code="d">2017-02-03</subfield>
    <subfield code="l">0</subfield>
    <subfield code="o">N910.C63 .M97 2016</subfield>
    <subfield code="p">02941</subfield>
    <subfield code="r">2019-03-22 00:00:00</subfield>
    <subfield code="w">2019-03-22</subfield>
    <subfield code="y">B</subfield>
  </datafield>
</record>
